000 00285nam a22001097a 4500
082 _a954
100 _aMalhotra,Raj
_982634
245 _aA History Modern India For UPSC and State Civil Services Examinations
260 _aDelhi
_bPearson
_c2024
650 _aHistory
942 _cC. BOOKS
999 _c67304
_d67304